Statistics for Rwby Quiz (Somewhat Hard)(Not Quite Finished)

Click here to take the quiz!

General Stats

  • This quiz has been taken 234 times
    (232 since last reset)
  • The average score is 72 of 115

Answer Stats

Answer% Correct
RWBYRuby Rose
100%
Blake Belladonna
100%
Yang Xiao Long
100%
Weiss Schnee
100%
JNPRJaune Arc
99%
Nora Valkyrie
99%
Lie Ren
99%
Pyrrha Nikos
95%
SSSNSun Wukong
94%
Neptune Vasilias
91%
CFVYCoco Adel
90%
Velvet Scarlatina
90%
Cinder Fall
88%
BeaconOzpin
87%
| STRQSummer Rose
87%
Scarlet David
87%
CRDLCardin Winchester
87%
Raven Branwen
86%
Neopolitan
86%
Roman Torchwick
86%
Qrow Branwen
85%
AntagonistsSalem
85%
Fox Alistair
84%
Mercury Black
84%
Emerald Sustrai
83%
Sage Ayana
81%
AtlasJames Ironwood
81%
Glynda Goodwitch
81%
Taiyang Xiao Long
81%
| (This One Is Different)Penny Polendia
79%
Academy'sBeacon Academy
79%
KingdomsAtlas (Mantle)
79%
Atlas Academy
78%
Neon Katt
78%
Dr.Bartholomew Oobleck
78%
Team RWBY Weapons(Ruby)Crescent Rose
77%
CreatorMonty Oum
77%
Winter Schnee
76%
Vale
75%
Yatsuhashi Daichi
74%
Music (Red Trailer)Red Like Roses
74%
Adam Taurus
73%
FNKIFlynt Stone
72%
Music(White Trailer)Mirror Mirror
72%
Music(Yellow Trailer)I Burn
71%
Music(Vol 1 Intro)This Will Be The Day
70%
Vacuo
69%
Mistral
68%
Peter Port
67%
Sky Lark
67%
Haven Academy
67%
GrimmBeowolf
65%
Signal Academy
64%
Dove Bronzewing
63%
Music(Black Trailer)From Shadows
63%
Nevermore
63%
Russel Thrush
62%
Voice Actor(Yang)Barbara Dunkelman
62%
Music(Vol 2 Intro)Time To Say Goodbye
61%
(Blake)Gambol Shroud
58%
Voice Actor (Ruby)Lindsay Jones
58%
Shade Academy
57%
Ursa
55%
(Yang)Ember Celica
55%
(Weiss)Myrtenaster
54%
Voice Actor (Weiss)Kara Eberle
53%
Voice Actor (Blake)Arryn Zech
52%
Music(Vol 3 Intro)When It Falls
52%
Death Stalker
50%
May Zedong
49%
Octavia Ember
48%
Hei "Junior" Xiong
48%
| Misc.Amber
47%
(Ren)StormFlower
47%
(Pyrrha)Miló and Akoúo̱
47%
(Nora)Magnhild
46%
Boarbatusk
46%
NDGONebula Violette
46%
Dew Gayl
46%
Reese Chloris
45%
BRNZBrawnz Ni
45%
Gwen Darcy
44%
Music(Vol 2 Chap 4)Die
44%
Ciel Soleil
43%
Antagonist Weapons(Adam)Wilt And Blush
42%
ABRNArslan Altan
42%
Nolan Porfirio
41%
Melanie Malachite
41%
| Dead Characters...?Tukson
40%
Team JNPR Weapons(Jaune)Crocea Mors
40%
Roy Stallion
39%
Bolin Hori
39%
Creep
38%
King Taijitu
38%
Grimm Dragon
37%
Goliath
37%
Miltia Malachite
37%
Music(Vol 2 Chap 12)Caffeine
37%
Nadir Shiko
37%
Sanctum Academy
35%
Griffon
33%
(Torchwick)Melodic Cudgel
30%
White Fang
29%
Zwei
27%
Perry
20%
White Fang Lieutenant
18%
Lisa Lavender
17%
Deery
16%
Marcus Black
15%

Score Distribution

Percentile by Number Answered

Percent of People with Each Score

Your Score History

You have not taken this quiz since the last reset